Statistiques concernant Connaissances générales #2

Cliquez ici pour prendre le quiz!

Statistiques générales

  • Ce quiz a été pris 805 fois
    (649 depuis la dernière actualisation)
  • Le résultat moyen est 5 sur 15

Statistiques - réponses

HintRéponse% Correct
Qui fut le roi des Huns de 434 à 453?Attila
66%
Qui était la mère de Caïn, Abel et Seth?Ève
52%
Quel pays est situé sur l'île de Ceylan?Sri Lanka
52%
Quel est le plus grand pays lusophone d'Afrique? (En superficie)L'Angola
41%
Quelle est la capitale du Nigéria (depuis 1991)?Abuja
40%
Qui est l'auteur d'Oliver Twist?Charles Dickens
38%
Quel est le prénom du Capitaine Haddock?Archibald
35%
De quel pays provient la bière Tuborg?Danemark
32%
Qui a marqué le plus de buts lors d'une seule Coupe du Monde?Just Fontaine
27%
Dans quel film retrouve-t-on le personnage de Tyler Durden?Fight Club
25%
Des traces de quelle civilisation européenne a-t-on trouvés à l'Anse-aux-Meadows?Viking
23%
Qu'est-ce qui est à la fois le nom d'un vaste jardin public du 7e arrondissement à Paris ainsi que celui d'une station de métro de Montréal?Champ-de-Mars
16%
Quel groupe avait Shane MacGowan comme chanteur?The Pogues
6%
En l'honneur de quel joueur les Blackhawks de Chicago ont-ils retiré le numéro 35?Tony Esposito
6%
Quel est le nom du boxeur présent sur la pochette de l'album ''Sgt. Pepper's Lonely Hearts Club Band''?Sonny Liston
1%

Distribution des résultats

Percentile par nombre de réponses

% des personnes avec chaque résultat

Votre développement - résultats

Vous n’avez pas pris ce quiz depuis la dernière actualisation